000 00630nam a2200205 a 4500
001 43679
003 BD-RjUL
005 20211209053732.0
008 160626s1994 w a|||| |||| 00| 0 eng d
035 _a(BD-RjUL)43797
040 _aBD-RjUL
_beng
_cBD-RjUL
041 _aeng
082 _a330
_bECO 1994
245 1 0 _aEconomic considerations :
_benglish through content : applied economics /
_cThomas Kral Editor
260 _aWashington :
_bMaterials Development ans Review Barnce,
_c1994
300 _aviii, 135 p. :
_bill. ;
_c26 cm.
650 _aEconomics
_9134216
700 _aKral, Thomas, Editor
_9134217
942 _2ddc
_cBK
999 _c43679
_d43679